Normal view
MARC view
Entry Topical Term
001 - CONTROL NUMBER
- control field: 37353
003 - CONTROL NUMBER IDENTIFIER
- control field: ARRUPE
005 - DATE AND TIME OF LATEST TRANSACTION
- control field: 20171102095019.0
008 - FIXED-LENGTH DATA ELEMENTS
- fixed length control field: 171102|| aca||aabn | a|a d
040 ## - CATALOGING SOURCE
- Original cataloging agency: ARRUPE
- Transcribing agency: ARRUPE
150 ## - HEADING--TOPICAL TERM
- Topical term or geographic name as entry element: Epic poetry, Latin
- Form subdivision: Translations into English.
670 ## - SOURCE DATA FOUND
- Source citation: Work cat.: (ARRUPE)0: Humphries, Rolfe 37351, The Aeneid of Virgil, 1952.